<?xml version="1.0" encoding="UTF-8"?>
<record
    xmlns:xsi="http://www.w3.org/2001/XMLSchema-instance"
    xsi:schemaLocation="http://www.loc.gov/MARC21/slim http://www.loc.gov/standards/marcxml/schema/MARC21slim.xsd"
    xmlns="http://www.loc.gov/MARC21/slim">

  <leader>02633nam a22003977a 4500</leader>
  <controlfield tag="008">100805m19871989led||||r000  000 0 ara d</controlfield>
  <datafield tag="082" ind1=" " ind2=" ">
    <subfield code="a">030</subfield>
    <subfield code="b">&#x643; &#x62A; &#x627;</subfield>
  </datafield>
  <datafield tag="245" ind1=" " ind2=" ">
    <subfield code="a">&#x643;&#x62A;&#x627;&#x628; &#x627;&#x644;&#x645;&#x639;&#x631;&#x641;&#x629;</subfield>
  </datafield>
  <datafield tag="260" ind1=" " ind2=" ">
    <subfield code="a">:&#x628;&#x64A;&#x631;&#x648;&#x62A;</subfield>
    <subfield code="b">&#x634;&#x631;&#x643;&#x629; &#x625;&#x646;&#x645;&#x627;&#x621; &#x627;&#x644;&#x646;&#x634;&#x631; &#x648;&#x627;&#x644;&#x62A;&#x633;&#x648;&#x64A;&#x642;&#x60C; </subfield>
    <subfield code="c">1987-1989</subfield>
  </datafield>
  <datafield tag="300" ind1=" " ind2=" ">
    <subfield code="a">10 &#x645;&#x62C;:</subfield>
    <subfield code="b">&#x635;&#x648;&#x631;&#x61B;</subfield>
    <subfield code="c">35 .&#x633;&#x645;</subfield>
  </datafield>
  <datafield tag="440" ind1=" " ind2=" ">
    <subfield code="9">17124</subfield>
  </datafield>
  <datafield tag="490" ind1=" " ind2=" ">
    <subfield code="9">17124</subfield>
    <subfield code="a">&#x643;&#x62A;&#x627;&#x628; &#x627;&#x644;&#x645;&#x639;&#x631;&#x641;&#x629;</subfield>
  </datafield>
  <datafield tag="505" ind1=" " ind2=" ">
    <subfield code="t">&#x627;&#x644;&#x637;&#x628;&#x64A;&#x639;&#x629; &#x648;&#x627;&#x644;&#x643;&#x64A;&#x645;&#x64A;&#x627;&#x621; /</subfield>
    <subfield code="r">&#x645;&#x631;&#x627;&#x62C;&#x639;&#x629; &#x648;&#x625;&#x639;&#x62F;&#x627;&#x62F; &#x645;&#x62D;&#x645;&#x648;&#x62F; &#x623;&#x628;&#x648; &#x632;&#x64A;&#x62F;</subfield>
  </datafield>
  <datafield tag="505" ind1=" " ind2=" ">
    <subfield code="t">&#x631;&#x64A;&#x627;&#x636;&#x629; &#x648;&#x647;&#x648;&#x627;&#x64A;&#x627;&#x62A; --</subfield>
  </datafield>
  <datafield tag="505" ind1=" " ind2=" ">
    <subfield code="t">&#x646;&#x634;&#x623;&#x629; &#x627;&#x644;&#x642;&#x627;&#x631;&#x627;&#x62A; --</subfield>
  </datafield>
  <datafield tag="505" ind1=" " ind2=" ">
    <subfield code="t">&#x634;&#x62E;&#x635;&#x64A;&#x627;&#x62A; &#x639;&#x631;&#x628;&#x64A;&#x629; --</subfield>
  </datafield>
  <datafield tag="505" ind1=" " ind2=" ">
    <subfield code="t">&#x627;&#x644;&#x628;&#x62D;&#x627;&#x631; &#x648;&#x627;&#x644;&#x645;&#x62D;&#x64A;&#x637;&#x627;&#x62A; --</subfield>
  </datafield>
  <datafield tag="505" ind1=" " ind2=" ">
    <subfield code="t">&#x645;&#x62F;&#x646; &#x648;&#x645;&#x62D;&#x64A;&#x637;&#x627;&#x62A; --</subfield>
  </datafield>
  <datafield tag="505" ind1=" " ind2=" ">
    <subfield code="t">&#x62C;&#x633;&#x645; &#x627;&#x644;&#x627;&#x646;&#x633;&#x627;&#x646; --</subfield>
  </datafield>
  <datafield tag="505" ind1=" " ind2=" ">
    <subfield code="t">&#x627;&#x644;&#x62D;&#x64A;&#x648;&#x627;&#x646; --</subfield>
  </datafield>
  <datafield tag="505" ind1=" " ind2=" ">
    <subfield code="t">&#x627;&#x644;&#x634;&#x639;&#x648;&#x628; &#x648;&#x627;&#x644;&#x633;&#x643;&#x627;&#x646; --</subfield>
  </datafield>
  <datafield tag="505" ind1=" " ind2=" ">
    <subfield code="t">&#x627;&#x644;&#x623;&#x631;&#x636; &#x648;&#x627;&#x644;&#x643;&#x648;&#x646;. &#x62C;&#x63A;&#x631;&#x627;&#x641;&#x64A;&#x627;--</subfield>
  </datafield>
  <datafield tag="541" ind1=" " ind2=" ">
    <subfield code="a">&#x645;&#x643;&#x62A;&#x628;&#x629; &#x627;&#x644;&#x623;&#x62E;&#x628;&#x627;&#x631;</subfield>
    <subfield code="c">&#x634;&#x631;&#x627;&#x621;</subfield>
  </datafield>
  <datafield tag="650" ind1=" " ind2=" ">
    <subfield code="9">17135</subfield>
    <subfield code="a">&#x62F;&#x648;&#x627;&#x626;&#x631; &#x627;&#x644;&#x645;&#x639;&#x627;&#x631;&#x641;</subfield>
  </datafield>
  <datafield tag="942" ind1=" " ind2=" ">
    <subfield code="2">ddc</subfield>
    <subfield code="c">BB</subfield>
  </datafield>
  <datafield tag="999" ind1=" " ind2=" ">
    <subfield code="c">14624</subfield>
    <subfield code="d">14624</subfield>
  </datafield>
  <datafield tag="952" ind1=" " ind2=" ">
    <subfield code="0">0</subfield>
    <subfield code="1">0</subfield>
    <subfield code="2">ddc</subfield>
    <subfield code="4">0</subfield>
    <subfield code="7">0</subfield>
    <subfield code="a">MAIN</subfield>
    <subfield code="b">MAIN</subfield>
    <subfield code="c">0TH</subfield>
    <subfield code="d">2010-08-05</subfield>
    <subfield code="e">Purchase</subfield>
    <subfield code="o">030 &#x643; &#x62A; &#x627;</subfield>
    <subfield code="p">000021660</subfield>
    <subfield code="r">2025-07-15 00:00:00</subfield>
    <subfield code="y">REFERENCE</subfield>
  </datafield>
  <datafield tag="952" ind1=" " ind2=" ">
    <subfield code="0">0</subfield>
    <subfield code="1">0</subfield>
    <subfield code="2">ddc</subfield>
    <subfield code="4">0</subfield>
    <subfield code="7">0</subfield>
    <subfield code="a">MAIN</subfield>
    <subfield code="b">MAIN</subfield>
    <subfield code="c">0TH</subfield>
    <subfield code="d">2010-08-05</subfield>
    <subfield code="e">Purchase</subfield>
    <subfield code="o">030 &#x643; &#x62A; &#x627;</subfield>
    <subfield code="p">000021661</subfield>
    <subfield code="r">2025-07-15 00:00:00</subfield>
    <subfield code="y">REFERENCE</subfield>
  </datafield>
  <datafield tag="952" ind1=" " ind2=" ">
    <subfield code="0">0</subfield>
    <subfield code="1">0</subfield>
    <subfield code="2">ddc</subfield>
    <subfield code="4">0</subfield>
    <subfield code="7">0</subfield>
    <subfield code="a">MAIN</subfield>
    <subfield code="b">MAIN</subfield>
    <subfield code="c">0TH</subfield>
    <subfield code="d">2010-08-05</subfield>
    <subfield code="e">Purchase</subfield>
    <subfield code="o">030 &#x643; &#x62A; &#x627;</subfield>
    <subfield code="p">000021664</subfield>
    <subfield code="r">2025-07-15 00:00:00</subfield>
    <subfield code="y">REFERENCE</subfield>
  </datafield>
  <datafield tag="952" ind1=" " ind2=" ">
    <subfield code="0">0</subfield>
    <subfield code="1">0</subfield>
    <subfield code="2">ddc</subfield>
    <subfield code="4">0</subfield>
    <subfield code="7">0</subfield>
    <subfield code="a">MAIN</subfield>
    <subfield code="b">MAIN</subfield>
    <subfield code="c">0TH</subfield>
    <subfield code="d">2010-08-05</subfield>
    <subfield code="e">Purchase</subfield>
    <subfield code="o">030 &#x643; &#x62A; &#x627;</subfield>
    <subfield code="p">000021665</subfield>
    <subfield code="r">2025-07-15 00:00:00</subfield>
    <subfield code="y">REFERENCE</subfield>
  </datafield>
  <datafield tag="952" ind1=" " ind2=" ">
    <subfield code="0">0</subfield>
    <subfield code="1">0</subfield>
    <subfield code="2">ddc</subfield>
    <subfield code="4">0</subfield>
    <subfield code="7">0</subfield>
    <subfield code="a">MAIN</subfield>
    <subfield code="b">MAIN</subfield>
    <subfield code="c">0TH</subfield>
    <subfield code="d">2010-08-05</subfield>
    <subfield code="e">Purchase</subfield>
    <subfield code="o">030 &#x643; &#x62A; &#x627;</subfield>
    <subfield code="p">000021666</subfield>
    <subfield code="r">2025-07-15 00:00:00</subfield>
    <subfield code="y">REFERENCE</subfield>
  </datafield>
  <datafield tag="952" ind1=" " ind2=" ">
    <subfield code="0">0</subfield>
    <subfield code="1">0</subfield>
    <subfield code="2">ddc</subfield>
    <subfield code="4">0</subfield>
    <subfield code="7">0</subfield>
    <subfield code="a">MAIN</subfield>
    <subfield code="b">MAIN</subfield>
    <subfield code="c">0TH</subfield>
    <subfield code="d">2010-08-05</subfield>
    <subfield code="e">Purchase</subfield>
    <subfield code="o">030 &#x643; &#x62A; &#x627;</subfield>
    <subfield code="p">000021667</subfield>
    <subfield code="r">2025-07-15 00:00:00</subfield>
    <subfield code="y">REFERENCE</subfield>
  </datafield>
  <datafield tag="952" ind1=" " ind2=" ">
    <subfield code="0">0</subfield>
    <subfield code="1">0</subfield>
    <subfield code="2">ddc</subfield>
    <subfield code="4">0</subfield>
    <subfield code="7">0</subfield>
    <subfield code="a">MAIN</subfield>
    <subfield code="b">MAIN</subfield>
    <subfield code="c">0TH</subfield>
    <subfield code="d">2010-08-05</subfield>
    <subfield code="e">Purchase</subfield>
    <subfield code="o">030 &#x643; &#x62A; &#x627;</subfield>
    <subfield code="p">000021668</subfield>
    <subfield code="r">2025-07-15 00:00:00</subfield>
    <subfield code="y">REFERENCE</subfield>
  </datafield>
  <datafield tag="952" ind1=" " ind2=" ">
    <subfield code="0">0</subfield>
    <subfield code="1">0</subfield>
    <subfield code="2">ddc</subfield>
    <subfield code="4">0</subfield>
    <subfield code="7">0</subfield>
    <subfield code="a">MAIN</subfield>
    <subfield code="b">MAIN</subfield>
    <subfield code="c">0TH</subfield>
    <subfield code="d">2010-08-05</subfield>
    <subfield code="e">Purchase</subfield>
    <subfield code="o">030 &#x643; &#x62A; &#x627;</subfield>
    <subfield code="p">000021669</subfield>
    <subfield code="r">2025-07-15 00:00:00</subfield>
    <subfield code="s">2017-03-05</subfield>
    <subfield code="y">REFERENCE</subfield>
  </datafield>
  <datafield tag="952" ind1=" " ind2=" ">
    <subfield code="0">0</subfield>
    <subfield code="1">0</subfield>
    <subfield code="2">ddc</subfield>
    <subfield code="4">0</subfield>
    <subfield code="7">0</subfield>
    <subfield code="a">MAIN</subfield>
    <subfield code="b">MAIN</subfield>
    <subfield code="c">0TH</subfield>
    <subfield code="d">2010-08-05</subfield>
    <subfield code="e">Purchase</subfield>
    <subfield code="o">030 &#x643; &#x62A; &#x627;</subfield>
    <subfield code="p">000021670</subfield>
    <subfield code="r">2025-07-15 00:00:00</subfield>
    <subfield code="y">REFERENCE</subfield>
  </datafield>
  <datafield tag="952" ind1=" " ind2=" ">
    <subfield code="0">0</subfield>
    <subfield code="1">0</subfield>
    <subfield code="2">ddc</subfield>
    <subfield code="4">0</subfield>
    <subfield code="7">0</subfield>
    <subfield code="a">MAIN</subfield>
    <subfield code="b">MAIN</subfield>
    <subfield code="c">LOW</subfield>
    <subfield code="d">2010-08-05</subfield>
    <subfield code="e">Purchase</subfield>
    <subfield code="o">030 &#x643; &#x62A; &#x627;</subfield>
    <subfield code="p">000021671</subfield>
    <subfield code="r">2025-07-15 00:00:00</subfield>
    <subfield code="s">2016-07-10</subfield>
    <subfield code="y">REFERENCE</subfield>
  </datafield>
</record>
